000 00804cam a2200241 a 4500
001 000001411
005 20250715130127.0
008 840822s1974 sp 000 0 spa
020 _a8473530160
040 _aDO-SdBNP
_cCarP
_dDLC
082 _a370. 9
_bR811t, 1974
100 1 _aRoselló, Pedro
_d1897-
_94719
245 1 3 _aLa teoría de las corrientes educativas :
_bcursillo de educación comparada dinámica /
_cPedro Roselló ; prólogo de José Blat Gimeno.
250 _a2a ed.
260 _aBarcelona :
_bPromoción Cultural,
_c1974.
300 _a19 p. ;
_c26 cm.
650 0 _aEducación
_951588
650 4 _aEducación intercultural
_94721
650 0 _aEducación comparada
_94722
700 1 _aBlat Gimeno, José,
_epról.
_94723
910 _aCatalogación por copia / LC
910 _aWM
999 _c1332
_d1332